Διάγνωση: Αυτισμός : μια αληθινή ιστορία αυτιστικού ατόμου

Saved in:
Bibliographic Details
Main Author: Grandin, Temple
Other Authors: Scariano, Margaret, Τσουπαροπούλου, Υβόννη (trlf)
Format: Book
Language:Greek
English
Published: Αθήνα : Ελληνικά Γράμματα, 1995.
Subjects:
Tags: Add Tag
No Tags, Be the first to tag this record!

MARC

LEADER 00000cam a2200000 i 4500
001 1/3852
008 000523s1995 gr | ||| |||| ||gre||
020 |a 9603440795 
035 |l 10060946 
040 |a GR-MY-UA  |b gre  |e aacr 
041 1 |a gre  |h eng 
082 7 |a 616.89820092   |2 (22)  
100 1 |a Grandin, Temple. 
245 1 0 |a Διάγνωση: Αυτισμός :   |b μια αληθινή ιστορία αυτιστικού ατόμου /   |c Temple Grandin, Margaret M. Scariano ; μετάφραση: Υβόννη Τσουπαροπούλου.  
260 |a Αθήνα :   |b Ελληνικά Γράμματα,   |c 1995.  
300 |a 210 σ. ;   |c 21 εκ.  
500 |a Μετάφραση του: Emergence: Labeled autistic.  
504 |a Περιλαμβάνει βιβλιογραφία.  
650 0 0 |a Autism  |x Patients. 
650 0 0 |a Autistic children  |x Rehabilitation. 
700 1 |a Scariano, Margaret. 
700 1 |a Τσουπαροπούλου, Υβόννη,  |e trlf 
852 |a INST  |b RHODES  |e 20000523  |h 616.89820092 GRA  |p 005400006818  |q 005400006818  |t BK  |y 0 
909 |a Ρ  |b 049068 
922 |a 4ΕΛΗ  |b 199610  |c ΠΑΠΟΥΔΗ  |d ΚΑΚΟΥΛΙΔΗΣ 
970 |a ΚΟΥΛΑΚΙΟΤΗ  |b ΛΙΤΣΑ  |z 2000/05/23